• 首页
  • 本馆介绍
  • 公告通知
  • 最新文献
  • 馆藏检索
  • 电子资源
  • 读者导购
  • 参考咨询
  • 我的图书馆
  • 登录
  • 详细信息显示
  • 放入我的书架
  • 预约/预借图书
  • 作者相关作品
  • 分类相关作品
  • 丛书相关作品
  • 出版社相关作品

书目信息

  • 表格格式
  • 工作单格式
  • 卡片格式
题名:
思想政治工作心理学
    
 
作者: 王树茂 著
分册:  
出版信息: 沈阳   辽宁人民出版社  1986
页数: 347页
开本: 19cm
丛书名:
单 册:
中图分类: D64 , B84
科图分类:
主题词: 思想政治教育-应用心理学 , 应用心理学-思想政治教育 , 心理学
电子资源:
ISBN:
000 00695nam0 2200265 45
001 1232160250
005 20120929085849.12
010    @dCNY2.15
091    @aCN@b2090.88
100    @a19951016d1986 em y0chiy0121 ea
101 0  @achi
102    @aCN@b210000
105    @af z 000yy
200 10 @a思想政治工作心理学@Asi xiang zheng zhi gong zuo xin li xue@f王树茂著
210    @a沈阳@c辽宁人民出版社@d1986
215    @a347页@c照片@d19cm
606 0  @a思想政治教育-应用心理学
606 0  @a应用心理学-思想政治教育
606 0  @a心理学
690    @aD64@v3
690    @aB84@v4
701  0 @a王树茂@4著@Awang shu mao
801  0 @aCN@bTSSF
801  2 @aCN@bNLC
905    @a10447@dB84@eJY75
    
    思想政治工作心理学/王树茂著.-沈阳:辽宁人民出版社,1986
    347页:照片;19cm
    
    
    ISBN :CNY2.15
    
●
相关链接 在E读中查询图书 在五车中查询图书 在当当中查询图书 在豆瓣中查询图书


正题名:思想政治工作心理学     索取号:B84/JY75         预约/预借

序号 登录号 条形码 馆藏地/架位号 状态 备注
1 7830243   278302436   学院路分馆/ [索取号:B84/JY75] 在馆    
2 7830244   278302445   学院路分馆/ [索取号:B84/JY75] 在馆    
唐山师范学院图书馆 欢迎您!
大连网信软件有限公司© 版权所有